Правові основи підприємництва (Запис № 310029)

МАРК-запис
000 -Лідер
fixed length control field 00771nam a22002777a 4500
001 - Контрольний номер
control field 23772
003 - Ідентифікатор контрольного номера
control field UA-OsUOA
005 - Дата та час останнього входження (трансакції)
control field 20190816105151.0
007 - Фіксоване поле фізичного опису
fixed length control field ta
008 - Елементи даних фіксованої довжини – загальна інформація
fixed length control field 20040128b un ||||| |||| 00| 0 ukr d
020 ## - Міжнародний стандартний книжковий номер (ISBN)
Міжнародний стандартний книжковий номер (ISBN) (НП) 966-00-0576-8
040 ## - Джерело каталогізації
Агенція оригінальної каталогізації UA-OsUOA
Мова каталогізації ukr
Агенція, яка здійснювала перезапис UA-OsUOA
Агенція, яка здійснювала модифікацію UA-OsUOA
041 ## - Код мови
Код мови тексту/ звукової доріжки чи окремого заголовка (П) ukr
044 ## - Код країни видавця/ виробника
Код країни видавця/ виробника (П) UA
080 ## - Індекс Універсальної десяткової класифікації
Індекс Універсальної десяткової класифікації (УДК) (НП) 347:330.33(075.8)
090 ## - Локальний шифр розміщення
Класифікаційний індекс УДК 347:330.33(075.8)
Авторський знак (НП) К21
100 ## - Основне введення – ім’я особи
Код відношення Карлін М.І.
245 ## - Відомості про назву
Назва (НП) Правові основи підприємництва
Решта назви (НП) Навчальний посібник
260 ## - Публікація, розповсюдження і т.п. (Вихідні дані)
Місце публікації, розповсюдження і т.п. (П) Київ
Ім’я/ наймення видавництва, розповсюджувача і т.п. (П) Наукова думка
Дата публікації, розповсюдження і т.п. (П) 2000
300 ## - Фізичний опис
Обсяг 188 с.
650 #7 - Додаткове предметне введення – тематичний термін
Джерело заголовка чи терміна UDC
942 ## - Додаткові елементи входу (Коха)
Тип елемента Koha Книги
Source of classification or shelving scheme Universal Decimal Classification
955 ## - Код типу видання за змістом
Код типу видання за змістом (НП) Наукові видання
Фонди
Стан вилучень Стан втрат Джерело класифікації або схеми стелажів Стан уражень Не для кредиту Постійне місце розташування Поточне розміщення Дата придбання Вартість, звичайна ціна покупки Інвентарний номер Усього замовленно Повний номер виклику Штрих-код Дата останнього перегляду Ціна ефективна від Тип елемента Koha
Withdrawn   Universal Decimal Classification     АБ - Абонемент НБ АБ - Абонемент НБ 14/08/2006   77178   347:330.33(075.8) К21 77178 13/07/2019 28/01/2004 Книги
    Universal Decimal Classification     АБ - Абонемент НБ АБ - Абонемент НБ 02/02/2004 2.00 77179   347:330.33(075.8) К21 77179 16/12/2021 28/01/2004 Книги
    Universal Decimal Classification     АБ - Абонемент НБ АБ - Абонемент НБ 02/02/2004 2.00 77180   347:330.33(075.8) К21 77180 16/12/2021 28/01/2004 Книги
    Universal Decimal Classification     АБ - Абонемент НБ АБ - Абонемент НБ 02/02/2004 2.00 77181   347:330.33(075.8) К21 77181 16/12/2021 28/01/2004 Книги
    Universal Decimal Classification     АБ - Абонемент НБ АБ - Абонемент НБ 02/02/2004 2.00 77182   347:330.33(075.8) К21 77182 16/12/2021 28/01/2004 Книги
    Universal Decimal Classification     АБ - Абонемент НБ АБ - Абонемент НБ 02/02/2004 2.00 77183   347:330.33(075.8) К21 77183 06/05/2022 28/01/2004 Книги
    Universal Decimal Classification     АБ - Абонемент НБ АБ - Абонемент НБ 02/02/2004 2.00 77238   347:330.33(075.8) К21 77238 16/12/2021 28/01/2004 Книги
    Universal Decimal Classification     ЧЗ - Читальна зала ЧЗ - Читальна зала 28/01/2004 2.00 77093   347:330.33(075.8) К21 77093 07/02/2022 28/01/2004 Книги
    Universal Decimal Classification     ЧЗ - Читальна зала ЧЗ - Читальна зала 30/01/2004 3.00 77162   347:330.33(075.8) К21 77162 09/02/2022 28/01/2004 Книги
    Universal Decimal Classification     ЧЗ - Читальна зала ЧЗ - Читальна зала 30/01/2004 3.00 77163   347:330.33(075.8) К21 77163 07/02/2022 28/01/2004 Книги
    Universal Decimal Classification     ЧЗ - Читальна зала ЧЗ - Читальна зала 30/01/2004 3.00 77164   347:330.33(075.8) К21 77164 07/02/2022 28/01/2004 Книги
    Universal Decimal Classification     ЧЗ - Читальна зала ЧЗ - Читальна зала 30/01/2004 3.00 77165   347:330.33(075.8) К21 77165 09/02/2022 28/01/2004 Книги